IFRS and property (Record no. 118423)
[ view plain ]
| 000 -LEADER | |
|---|---|
| fixed length control field | 01177cam a2200217 4500 |
| 001 - CONTROL NUMBER | |
| control field | WB@3612-329 |
| 008 - FIXED-LENGTH DATA ELEMENTS--GENERAL INFORMATION | |
| fixed length control field | 041209n2004 000 0 eng u |
| 035 ## - SYSTEM CONTROL NUMBER | |
| System control number | (Sirsi) u128258 |
| 245 ## - TITLE STATEMENT | |
| Title | IFRS and property |
| 260 ## - PUBLICATION, DISTRIBUTION, ETC. | |
| Place of publication, distribution, etc. | c2004 |
| 490 ## - SERIES STATEMENT | |
| Series statement | RICS European Alert |
| Volume/sequential designation | November 2004 2(1) |
| 520 ## - SUMMARY, ETC. | |
| Summary, etc. | With International Financial Reporting Standards (IFRS) becoming mandatory for all EU listed companies from the start of next year come important changes in the way that properties are presented in company accounts. All who have dealings with property - company directors, valuers, lawyers, accountants, investors and analysts, etc will need to appreciate the repercussions of the new rules. RICS has published a guide to the new accounting regime and its likely repercussions. "Property under IFRS: a guide to the effects of the new International Financial Reporting Standards" is available to download from the RICS website. http://www.rics.org |
| 590 ## - LOCAL NOTE (RLIN) | |
| Local note | WB |
| 590 ## - LOCAL NOTE (RLIN) | |
| Local note | WB |
| 650 ## - SUBJECT ADDED ENTRY--TOPICAL TERM | |
| Topical term or geographic name entry element | INTERNATIONAL FINANCIAL REPORTING STANDARDS |
| 650 ## - SUBJECT ADDED ENTRY--TOPICAL TERM | |
| Topical term or geographic name entry element | GUIDELINES |
| 650 ## - SUBJECT ADDED ENTRY--TOPICAL TERM | |
| Topical term or geographic name entry element | FINANCIAL ACCOUNTING |
| 650 ## - SUBJECT ADDED ENTRY--TOPICAL TERM | |
| Topical term or geographic name entry element | EC REGULATIONS |
| 690 ## - LOCAL SUBJECT ADDED ENTRY--TOPICAL TERM (OCLC, RLIN) | |
| Topical term or geographic name as entry element | FINANCE |
| 942 ## - ADDED ENTRY ELEMENTS (KOHA) | |
| Suppress in OPAC | 0 |
| Withdrawn status | Lost status | Source of classification or shelving scheme | Damaged status | Not for loan | Home library | Current library | Shelving location | Date acquired | Total Checkouts | Full call number | Barcode | Date last seen | Copy number | Price effective from | Koha item type |
|---|---|---|---|---|---|---|---|---|---|---|---|---|---|---|---|
| Dewey Decimal Classification | London | London | News article | 09/12/2004 | WB4047-04 | 128258-1001 | 06/08/2019 | 1 | 06/08/2019 | News article |